|
|
|
|
| LEADER |
00807nam a2200277 4500 |
| 001 |
DLU090084357 |
| 005 |
##20091109 |
| 040 |
# |
# |
|a DLU
|b vie
|
| 041 |
# |
# |
|a vie
|
| 044 |
# |
# |
|a vn
|
| 100 |
# |
# |
|a Venga, Giovanni.
|
| 245 |
# |
# |
|a Những người nghệ sĩ bất hạnh /
|c Giovanni Venga, Tống Thị Hằng dịch.
|
| 653 |
# |
# |
|a Chủ nghĩa nhân đạo
|
| 653 |
# |
# |
|a Giai cấp
|
| 653 |
# |
# |
|a Nghệ sĩ
|
| 700 |
# |
# |
|a Tống Thị Hằng,
|e dịch.
|
| 773 |
# |
# |
|t Văn học nước ngoài
|g Số 3, 2008, tr. 78-100
|
| 920 |
# |
# |
|a Phòng Tạp chí -- Trung tâm Thông tin - Thư viện Trường Đại học Đà Lạt
|
| 994 |
# |
# |
|a DLU
|
| 900 |
# |
# |
|a True
|
| 911 |
# |
# |
|a Nguyễn Thị Linh Chi
|
| 925 |
# |
# |
|a G
|
| 926 |
# |
# |
|a A
|
| 927 |
# |
# |
|a BB
|
| 980 |
# |
# |
|a Thư viện Trường Đại học Đà Lạt
|